| 000 | 00510nam a2200157 4500 | ||
|---|---|---|---|
| 999 |
_c15898 _d15898 |
||
| 008 | 201217b ||||| |||| 00| 0 eng d | ||
| 022 | _a0732-8435 | ||
| 082 | _aDPer 657.05 C33 Sept - Mar 2015, v. 85 - 86 | ||
| 100 |
_942692 _aMohammad, Usman. |
||
| 245 |
_anavigating the nanny tax conundrum/ _b _cUsman Mohammad. |
||
| 260 |
_aNew York: _bThe New York State Society of CPA, _c©2015. |
||
| 300 |
_av85 n12, pages 60-62; _b _c28 cm. |
||
| 650 |
_aTaxation. _942693 |
||
| 650 |
_a _942712 |
||
| 942 |
_2ddc _cPER |
||